LEADER 00839nam0-22002891i-450- 001 990004756080403321 005 20051130161846.0 035 $a000475608 035 $aFED01000475608 035 $a(Aleph)000475608FED01 035 $a000475608 100 $a19990604g19049999km-y0itay50------ba 101 0 $agrc 105 $ay-------001yy 200 1 $aPlutus$fAristophanis$gCum prolegomenis et commentariis edidit J. van Leeuwen 210 $aLugduni Batavorum$cA.W. Sijthoff$d1904. 215 $aXXVI, 182 p.$d26 cm 500 10$aComoediae$iPlutus$921533 700 0$aAristophanes$f$0160835 702 1$aLeeuwen,$bJan : van 801 0$aIT$bUNINA$gRICA$2UNIMARC 901 $aBK 912 $a990004756080403321 952 $aII A 29$fFLFBC 959 $aFLFBC 996 $aComoediae$921533 997 $aUNINA LEADER 00915nam--2200289---450- 001 990003312270203316 005 20090916105126.0 035 $a000331227 035 $aUSA01000331227 035 $a(ALEPH)000331227USA01 035 $a000331227 100 $a20090916d1957----km-y0itay50------ba 101 $aeng 102 $aUS 105 $a||||||||001yy 200 1 $aSynthesis of passive networks$etheory and methods appropariate to the realization and approximation problems$fErnst A. Guillemin 210 $aNew York$cJohn Wiley & Sons$dcopyr. 1957 215 $aXVIII, 741 p.$cill. graf.$d24 cm 700 1$aGUILLEMIN,$bErnst A.$0965 801 0$aIT$bsalbc$gISBD 912 $a990003312270203316 951 $a621.385 1 GUI$b5748/CBS$c621.385 1$d00327501 959 $aBK 969 $aSCI 979 $aRSIAV6$b90$c20090916$lUSA01$h1051 996 $aSynthesis of passive networks$9713136 997 $aUNISA LEADER 02318nas 2200757-a 450 001 996197563303316 005 20230217213020.0 011 $a1543-4508 035 $a(DE-599)ZDB2048665-0 035 $a(OCoLC)51588188 035 $a(CKB)111056056234000 035 $a(CONSER)--2003212081 035 $a(EXLCZ)99111056056234000 100 $a20030206a20039999 --- a 101 0 $aeng 135 $aurcnu|||||||| 181 $ctxt$2rdacontent 182 $cc$2rdamedia 183 $acr$2rdacarrier 200 10$aLearning & behavior 210 $aAustin, Tex. $cPsychonomic Society$d2003- 210 3 $aNew York $cSpringer-Verlag 300 $aRefereed/Peer-reviewed 311 $a1543-4494 517 3 $aLearning and behavior 531 $aLEARNING AND BEHAVIOR 531 $aLEARN BEHAV 531 10$aLearn Behav 606 $aAnimal behavior$vPeriodicals 606 $aLearning, Psychology of$vPeriodicals 606 $aHuman behavior$vPeriodicals 606 $aLearning in animals$vPeriodicals 606 $aLearning 606 $aBehavior 606 $aBehavior, Animal 606 $aPsychology, Experimental 606 $aConditioning, Psychological 606 $aApprentissage, Psychologie de l'$vPériodiques 606 $aÉthologie$vPériodiques 606 $aAnimal behavior$2fast$3(OCoLC)fst00809079 606 $aHuman behavior$2fast$3(OCoLC)fst00962811 606 $aLearning in animals$2fast$3(OCoLC)fst00995005 606 $aLearning, Psychology of$2fast$3(OCoLC)fst00995009 608 $aPeriodicals.$2fast 608 $aPeriodicals.$2lcgft 610 $aAnimal Behavior 615 0$aAnimal behavior 615 0$aLearning, Psychology of 615 0$aHuman behavior 615 0$aLearning in animals 615 12$aLearning. 615 22$aBehavior. 615 22$aBehavior, Animal. 615 22$aPsychology, Experimental. 615 22$aConditioning, Psychological. 615 6$aApprentissage, Psychologie de l' 615 6$aÉthologie 615 7$aAnimal behavior. 615 7$aHuman behavior. 615 7$aLearning in animals. 615 7$aLearning, Psychology of. 712 02$aPsychonomic Society, 906 $aJOURNAL 912 $a996197563303316 996 $aLearning & behavior$91974931 997 $aUNISA